MDQL
is popping MORE tags! Check the
thread
!
Quizzes
Events
Quiz Creation
Community
Videos
Private Events
Remove Ads
Sign In
Join for FREE
Feedback
Dark Mode
Quiz Categories
Sports
Geography
Music
Movies
Television
Just For Fun
Miscellaneous
History
Literature
Language
Science
Gaming
Entertainment
Religion
Holiday
For Kids
Quiz Lab
Recent
Popular Today
Quiz Kudos Today
Editor Picks
Curator Picks
Quizzes by...
Day
Popularity
Type
Ratings
Length
Year
Community
Subscriptions
Recent Discussions
Orange Saloon
Badges
Playlists
Quests
Create
Leaderboards
Showdown
Live 5
Trivia Bingo
Activity
Puzzle Library
Sporcle Events
Private Events
Virtual Trivia
Globe League
Become a Host
Pub Owners
SporcleCon
Opinionation
Our Games
Videos
Blog
Mobile Apps
Partnerships
Remove Ads and Go Orange
Feedback
Music
Pop Music
The Beatles
Song
Album
Lyrics
Bands
Singers
Artist
Clip
Rock
Rap
Classical
Billboard
Country Music
Kpop
Taylor Swift
Music
Pop Music
The Beatles
Song
Album
Lyrics
Bands
Singers
Artist
Clip
Rock
Rap
Classical
Billboard
Country Music
Kpop
Taylor Swift
Random Quiz
Search Sporcle
×
Quiz Lab
Quiz Lab
Music
Lyrics
Type in answers that appear in a list
Type in answers that appear in a list
Classic
Best Score? Go Orange.
Guess Bowling for Soup Lyrics Stats
Can you name the Bowling for Soup Lyrics?
By
whisperloud
10m
291 Questions
355 Plays
355 Plays
355 Plays
Comments
Comments
Give Quiz Kudos
Give Quiz Kudos
-
- Ratings
hide this ad
Replay
Link that replays current quiz
Next Quiz
Link to next quiz in quiz playlist
You Got
0%
They Got
Avg Score
41%
Avg Friend Score
Upgrade to see
Score Distribution
Jump to the score distribution portion of the page
Score
0/291
Timer
10:00
0
Plays Today
% Correct
a
87.6%
a
87.6%
a
87.6%
I
87%
I
87%
I
87%
I
87%
I
87%
I
87%
I
87%
I
87%
I
87%
I
87%
I
87%
I
87%
I
87%
I
87%
I
87%
I
87%
I
87%
I
87%
I
87%
I
87%
I
87%
I
87%
T
82%
T
82%
you
72.1%
you
72.1%
you
72.1%
you
72.1%
you
72.1%
you
72.1%
you
72.1%
you
72.1%
you
72.1%
you
72.1%
you
72.1%
you
72.1%
you
72.1%
you
72.1%
you
72.1%
you
72.1%
the
71.8%
The
71.8%
The
71.8%
the
71.8%
the
71.8%
the
71.8%
the
71.8%
the
71.8%
the
71.8%
the
71.8%
the
71.8%
the
71.8%
the
71.8%
the
71.8%
the
71.8%
me
60.3%
me
60.3%
me
60.3%
me
60.3%
me
60.3%
me
60.3%
me
60.3%
and
59.7%
And
59.7%
And
59.7%
And
59.7%
And
59.7%
And
59.7%
And
59.7%
to
57.7%
to
57.7%
to
57.7%
to
57.7%
to
57.7%
No
55.5%
No
55.5%
(No
55.5%
(No
55.5%
(No
55.5%
(No
55.5%
we
54.9%
we
54.9%
we
54.9%
we
54.9%
your
49.6%
your
49.6%
your
49.6%
your
49.6%
your
49.6%
your
49.6%
your
49.6%
your
49.6%
your
49.6%
your
49.6%
% Correct
your
49.6%
your
49.6%
your
49.6%
in
49%
in
49%
in
49%
in
49%
go
45.4%
that
43.9%
of
43.9%
of
43.9%
that
43.9%
of
43.9%
Can
43.9%
that
43.9%
that
43.9%
when
42.8%
when
42.8%
when
42.8%
for
42.5%
for
42.5%
So
42.5%
for
42.5%
So
42.5%
for
42.5%
like
42%
like
42%
all
40.3%
were
40.3%
there
40.3%
all
40.3%
were
40.3%
there
40.3%
there
40.3%
it's
40%
it's
40%
it's
40%
it's
40%
where
39.7%
where
39.7%
where
39.7%
know
37.7%
this
37.7%
know
37.7%
see
35.8%
see
35.8%
see
35.8%
one
34.9%
one
34.9%
one
34.9%
one
34.9%
are
34.9%
back
33.8%
back
33.8%
back
33.8%
back
33.8%
can't
33.8%
don't
32.7%
never
32.1%
got
31.8%
Now
31.5%
Now
31.5%
out
31.3%
out
31.3%
out
31.3%
think
31%
Two
30.7%
Two
30.7%
Two
30.7%
just
30.4%
just
30.4%
Just
30.4%
hear
30.1%
hear
30.1%
hear
30.1%
hear
30.1%
did
29.3%
did
29.3%
up
28.7%
told
28.7%
told
28.7%
over
28.7%
told
28.7%
told
28.7%
over
28.7%
hope
28.5%
hope
28.5%
hope
28.5%
hope
28.5%
hope
28.5%
car
28.2%
thought
28.2%
thought
28.2%
I'll
27.9%
off
27.6%
seat
27%
always
27%
% Correct
look
27%
seat
27%
always
27%
look
27%
look
27%
wanna
26.8%
wanna
26.8%
wanna
26.8%
wanna
26.8%
kind
26.5%
kind
26.5%
song
26.2%
everything
25.9%
wanted
25.9%
everything
25.9%
wanted
25.9%
get
25.6%
you'll
25.1%
together
24.8%
together
24.8%
take
24.5%
Seater
24.2%
Seater
24.2%
Seater
24.2%
into
23.4%
Radio
23.4%
Radio
23.4%
radio?
23.4%
radio
23.4%
Radio)
23.4%
Radio)
23.4%
Radio)
23.4%
Radio)
23.4%
wake
22.8%
arms
22.8%
mirror
22.5%
mirror
22.5%
mirror
22.5%
really
22%
wrote
21.7%
break
21.4%
rearview
20.8%
rearview
20.8%
rearview
20.8%
Thanks
20.6%
hell
20.6%
Thanks
20.6%
Thanks
20.6%
stuff
20.3%
stuff
20.3%
Ride
20%
Ride
20%
ride
20%
night
19.7%
that's
19.4%
broken
19.2%
broken
19.2%
set
18.6%
bet
18.6%
alarm
17.7%
took
17.7%
little
17.7%
Windows
17.5%
cause
17.5%
Windows
17.5%
away
17.5%
parallel
16.9%
parallel
16.9%
Remember
16.6%
Sorry
16.6%
guess
16.6%
everytime
16.3%
everytime
16.3%
Pinstripes
16.1%
Pinstripes
16.1%
weren't
16.1%
expecting
15.5%
stolen
15.2%
gotta
15.2%
stolen
15.2%
flat
15.2%
Tops
14.6%
Tops
14.6%
tires
14.6%
spent
14.1%
whole
14.1%
carried
14.1%
Uh
13.5%
Uh
13.5%
Keymarks
13.2%
Keymarks
13.2%
dodge
13%
cops
13%
Huh
12.7%
avoiding
12.7%
Huh
12.7%
clink
12.4%
Quiz Playlist
Details
Report
Send in Message
Add To Playlist
Classic:
Type in answers that appear in a list
Quiz Source
Last Updated: Feb 16, 2017
Quiz Scoreboard
CHALLENGE
Sign Up to Join the Scoreboard
Show All
Scores
Hide
Comments
May contain spoilers
Recently Published
Image Sorting: Flags VI
by Barbecue
Geography
2m
Find the 'City' Movie
by crazypaving
Movies
60s
Colored Red Africa Blitz
by spor1
Geography
45s
More to Explore
Quiz From the Vault
Featured Blog Post
14 Easter Pick-up Lines to Find Eggs With
hide this ad
You Might Also Like...
Tags
Lyrics Quiz
Rock Quiz
Bowling For Soup
Today's Top Quizzes in Music
Browse Music
hide this ad
Today's Top Quizzes in Lyrics
Browse Lyrics
Top Contributed Quizzes in Music
1
5X2 Blitz: Bands II
2
5X2 Blitz: The Beatles
3
Taylor Swift All Songs (2024)
4
5X2 Blitz: Billboard
5
5X2 Blitz: Billboard II
6
5X2 Blitz: Album
7
5X2 Blitz: Rock
8
5X2 Blitz: Singers
9
Music Artist by Three 2010s hits
10
5X2 Blitz: Lyrics
Explore More
Trending Topics
Kpop
NBA
Disney
Anime
Harry Potter
Marvel
Crossword
Soccer
NFL
The Office
Country
Song
Pokémon
WWE
Puzzle
hide this ad
More By:
whisperloud
Quiz
Plays
Rating
Category
Featured
Created
Follow That Line: Leverage
975
4.75
Television
May 29, 2016
Guess Bowling for Soup Lyrics
355
5.00
Music
Feb 17, 2013
Pick the Rise Against Songs
171
5.00
Music
Feb 16, 2013
Guess the Goldinger lyrics
23
5.00
Music
May 28, 2016
Go to Creator's Profile
Score Distribution
Quiz Creator Spotlight
whisperloud
Follow
Send a Message
Quizzes Created
-
Created Quiz Play Count
-
More By This Creator
Popular Quizzes Today
1
Colored Red Africa Blitz
2
Find the US States - No Outlines Minefield
3
Find the 'City' Movie
4
5x2 Blitz: Bands
5
The Countries of the World
6
Find the US States
7
Find the Countries of Europe - No Outlines Minefield
8
US States
More Music Quizzes
IZ*ONE members {crossword}
Quiz Lab
Trending Quizzes
Colored Red Europe Blitz I
Colored Red Africa Blitz II
Colored Red Europe Blitz II
Colored Red Africa Blitz III
Colored Red Europe Blitz III
Recently Updated
How Do You Spell That?
pecheneg
Godzilla Movies
pecheneg
Grab Bag: 4-10 Letters
pecheneg
2024 March Madness Bracket
pecheneg
Famous TV Couples
Peacemaker
Champions League XIs: Real Madrid
pecheneg
Largest US Cities 1790-2010
pecheneg
Rides in Walt Disney World
pecheneg
Most Oscar Losses (Acting)
pecheneg
Beyoncé Albums
pecheneg
Trending Topics
Marvel
NBA
Disney
Crossword
Harry Potter
Kpop
Anime
NFL
Puzzle
Soccer
Country
Pokémon
The Office
Song
WWE
Your Account Isn't Verified!
In order to create a playlist on Sporcle, you need to verify the email address you used during registration. Go to your
Sporcle Settings
to finish the process.
Report this User
Report this user for behavior that violates our
Community Guidelines
.
Details:
Send Report
Go to the Sporcle.com Mobile Site →
Comments